Detalles MARC
| 000 -LÍDER |
| Campo fijo de descripción fija |
01101cam a2200325 i 4500 |
| 001 - NÚMERO DE CONTROL |
| Campo de control |
768714001 |
| 003 - IDENTIFICADOR DEL NÚMERO DE CONTROL |
| Campo de control |
CO-MdFUSB |
| 005 - FECHA Y HORA DE LA ULTIMA TRANSACCIÓN |
| control field |
20260121145306.0 |
| 007 - CAMPO FIJO DE DESCRIPCIÓN FIJA--INFORMACIÓN GENERAL |
| Campo fijo de descripción fija |
ta |
| 008 - ELEMENTOS DE LONGITUD FIJA -- INFORMACIÓN GENERAL |
| Campo fijo de descripción fija -- Información general |
230615t1994 -mx||||| |||| 00| | spa d |
| 020 ## - NÚMERO INTERNACIONAL NORMALIZADO PARA LIBROS |
| Número Internacional Normalizado del libro |
9780311138166 |
| 040 ## - FUENTE DE CATALOGACIÓN |
| Idioma de catalogación |
spa. |
| Agencia de catalogación original |
CO-MdFUSB |
| Agencia que realiza la transcripción |
CO-MdFUSB |
| Agencia que realiza la modificación |
CO-MdFUSBC |
| Convenciones de la descripción |
rda |
| 041 ## - CÓDIGO DE IDIOMA |
| Código de idioma para texto/pista de sonido o título separado |
spa |
| 082 04 - NÚMERO DE CLASIFICACIÓN DECIMAL DEWEY |
| Número de la edición del Dewey |
23 |
| Número de clasificación |
G 269.2 |
| Clave de autor-Numero de item |
C6921q |
| 100 1# - ASIENTO PRINCIPAL--NOMBRE PERSONAL |
| Nombre personal |
Coleman, Roberto E. (Robert) |
| Término relacionador |
autor |
| 240 ## - TITULO UNIFORME |
| Título uniforme |
<a href="The master plan of evangelism">The master plan of evangelism</a> |
| 245 10 - TÍTULO |
| Título del Material |
Plan supremo de evangelización |
| Mención de responsabilidad, etc. |
/ Robert Coleman ; traducido por José María Blanch |
| 264 #1 - PRODUCCIÓN, PUBLICACIÓN, DISTRIBUCIÓN, MANUFACTURA, Y COPYRIGHT |
| Lugar de producción, publicación, distribución, manufactura |
México : |
| Nombre del productor, publicador, distribuidor |
Casa Bautista de Publicaciones, |
| Fecha de producción, publicación, distribución, manufactura, o copyright |
[1994] |
| 264 #4 - PRODUCCIÓN, PUBLICACIÓN, DISTRIBUCIÓN, MANUFACTURA, Y COPYRIGHT |
| Fecha de producción, publicación, distribución, manufactura, o copyright |
© 1994 |
| 300 ## - DESCRIPCIÓN FÍSICA |
| Extensión |
107 páginas |
| Dimensiones |
; 18 cm |
| 336 ## - TIPO DE CONTENIDO |
| Término de tipo de contenido |
texto |
| Código de tipo de contenido |
txt |
| Fuente |
rdacontent |
| 337 ## - TIPO DE MEDIO |
| Fuente |
rdamedia |
| Nombre del tipo de medio |
sin mediación |
| Código del tipo de medio |
n |
| 338 ## - TIPO DE SOPORTE |
| Fuente |
rdacarrier |
| Nombre del tipo de soporte |
volumen |
| Código Tipo de soporte |
nc |
| 505 ## - NOTA DE CONTENIDO |
| Nota de contenido con formato preestablecido |
Selección -- asociación -- consagración -- comunicación -- demostración -- delegación -- supervisión -- reproducción |
| 563 ## - NOTA DE ENCUADERNACIÓN |
| Nota de encuadernación |
Rustico |
| 650 #0 - ASIENTO SECUNDARIO DE MATERIA - TERMINO TEMÁTICO |
| 9 (RLIN) |
362 |
| Término temático o nombre geográfico como elemento de entrada |
Evangelización |
| 700 ## - ASIENTO SECUNDARIO - NOMBRE PERSONAL |
| 9 (RLIN) |
8120 |
| Nombre personal |
Blanch, José María, |
| Responsabilidad |
Traductor |
| 942 ## - TIPO DE MATERIAL (KOHA) |
| Tipo de Item KOHA |
Libros General |
| 945 ## - INFORMACIÓN LOCAL DEL REGISTRO |
| Catalogador |
Mag1104 |